000 00528nam a2200169Ia 4500
005 20260121165314.0
008 260121s9999 xx 000 0 und d
020 _a978-81-948674-1-8
041 _amar
082 _a920
100 _aगोडबोले, अरविंद
245 _aमला उमजलेले स्वातंत्र्यवीर सावरकर
250 _a1
260 _bभारतीय विचार साधना पुणे
_c2011
300 _a168
650 _aGenral
999 _c370011
_d370011